The Gibraltar crusade : (Record no. 14408)
[ view plain ]
| 000 -LEADER | |
|---|---|
| fixed length control field | 01924cam a22003974a 4500 |
| 001 - CONTROL NUMBER | |
| control field | 16279308 |
| 005 - DATE AND TIME OF LATEST TRANSACTION | |
| control field | 20170105102854.0 |
| 008 - FIXED-LENGTH DATA ELEMENTS--GENERAL INFORMATION | |
| fixed length control field | 100611s2011 pauab b s001 0 eng |
| 010 ## - LIBRARY OF CONGRESS CONTROL NUMBER | |
| LC control number | 2010023080 |
| 020 ## - INTERNATIONAL STANDARD BOOK NUMBER | |
| International Standard Book Number | 9780812243024 (hardcover : alk. paper) |
| 020 ## - INTERNATIONAL STANDARD BOOK NUMBER | |
| International Standard Book Number | 0812243021 (hardcover : alk. paper) |
| 035 ## - SYSTEM CONTROL NUMBER | |
| System control number | (OCoLC)ocn642351521 |
| 040 ## - CATALOGING SOURCE | |
| Original cataloging agency | DLC |
| Transcribing agency | DLC |
| Modifying agency | YDX |
| -- | YDXCP |
| -- | BWX |
| -- | CDX |
| -- | DLC |
| 042 ## - AUTHENTICATION CODE | |
| Authentication code | pcc |
| 043 ## - GEOGRAPHIC AREA CODE | |
| Geographic area code | e-sp--- |
| 050 00 - LIBRARY OF CONGRESS CALL NUMBER | |
| Classification number | DP302.G39 |
| Item number | O58 2011 |
| 082 00 - DEWEY DECIMAL CLASSIFICATION NUMBER | |
| Classification number | 946.02 |
| Edition number | 22 |
| 100 1# - MAIN ENTRY--PERSONAL NAME | |
| Personal name | O'Callaghan, Joseph F. |
| 245 14 - TITLE STATEMENT | |
| Title | The Gibraltar crusade : |
| Remainder of title | Castile and the battle for the Strait / |
| Statement of responsibility, etc. | Joseph F. O'Callaghan. |
| 260 ## - PUBLICATION, DISTRIBUTION, ETC. | |
| Place of publication, distribution, etc. | Philadelphia : |
| Name of publisher, distributor, etc. | University of Pennsylvania Press, |
| Date of publication, distribution, etc. | c2011. |
| 300 ## - PHYSICAL DESCRIPTION | |
| Extent | viii, 376 p. : |
| Other physical details | ill., map ; |
| Dimensions | 24 cm. |
| 490 1# - SERIES STATEMENT | |
| Series statement | The Middle Ages series |
| 504 ## - BIBLIOGRAPHY, ETC. NOTE | |
| Bibliography, etc. note | Includes bibliographical references (p. [271]-364) and index. |
| 505 0# - FORMATTED CONTENTS NOTE | |
| Formatted contents note | Spain and the Strait of Gibraltar -- Alfonso X's African crusade -- The crusade against the Mudéjars -- The crusade against the Marinids -- Sancho IV and the conquest of Tarifa -- The crusades of Gibraltar, Almaería, and Algeciras -- The early crusades of Alfonso XI's reign -- The loss of Gibraltar and the crusade of Salado -- The crusade of Algeciras and Gibraltar -- Waging the crusade of Gibraltar -- The aftermath : the Strait of Gibraltar to 1492. |
| 650 #0 - SUBJECT ADDED ENTRY--TOPICAL TERM | |
| Topical term or geographic name entry element | Crusades |
| Chronological subdivision | 13th-15th centuries. |
| 651 #0 - SUBJECT ADDED ENTRY--GEOGRAPHIC NAME | |
| Geographic name | Gibraltar, Strait of |
| General subdivision | Strategic aspects. |
| 651 #0 - SUBJECT ADDED ENTRY--GEOGRAPHIC NAME | |
| Geographic name | Gibraltar, Strait of |
| General subdivision | History, Military. |
| 651 #0 - SUBJECT ADDED ENTRY--GEOGRAPHIC NAME | |
| Geographic name | Castile (Spain) |
| General subdivision | History, Military. |
| 651 #0 - SUBJECT ADDED ENTRY--GEOGRAPHIC NAME | |
| Geographic name | Spain |
| General subdivision | History |
| Chronological subdivision | 711-1516. |
| 651 #0 - SUBJECT ADDED ENTRY--GEOGRAPHIC NAME | |
| Geographic name | Morocco |
| General subdivision | History, Military. |
| 651 #0 - SUBJECT ADDED ENTRY--GEOGRAPHIC NAME | |
| Geographic name | Granada (Kingdom) |
| General subdivision | History, Military. |
| 830 #0 - SERIES ADDED ENTRY--UNIFORM TITLE | |
| Uniform title | Middle Ages series. |
| 906 ## - LOCAL DATA ELEMENT F, LDF (RLIN) | |
| a | 7 |
| b | cbc |
| c | orignew |
| d | 1 |
| e | ecip |
| f | 20 |
| g | y-gencatlg |
| 942 ## - ADDED ENTRY ELEMENTS (KOHA) | |
| Source of classification or shelving scheme | |
| Koha item type | Book |
| Withdrawn status | Lost status | Damaged status | Not for loan | Collection code | Permanent Location | Current Location | Shelving location | Date acquired | Total Checkouts | Full call number | Barcode | Date last seen | Price effective from | Koha item type |
|---|---|---|---|---|---|---|---|---|---|---|---|---|---|---|
| Centre for International Peace & Stability (CIPS) | Centre for International Peace & Stability (CIPS) | General Stacks | 08/23/2013 | 946.02 CAL 2011 | CIPS0000820 | 08/23/2013 | 08/23/2013 | Book |
